Normal view
MARC view
Entry Geographic Name
001 - CONTROL NUMBER
- control field: 42935
003 - CONTROL NUMBER IDENTIFIER
- control field: ARRUPE
005 - DATE AND TIME OF LATEST TRANSACTION
- control field: 20181012121721.0
008 - FIXED-LENGTH DATA ELEMENTS
- fixed length control field: 181012|| aca||aabn | a|a d
040 ## - CATALOGING SOURCE
- Original cataloging agency: ARRUPE
- Transcribing agency: ARRUPE
151 ## - HEADING--GEOGRAPHIC NAME
- Geographic name: South Africa
- General subdivision: Social conditions
- Chronological subdivision: 1961-1994.
670 ## - SOURCE DATA FOUND
- Source citation: Work cat.: (ARRUPE)0: Study Project on Christianity in Apartheid Society. Economics Commission. 42934, Power, privilege and poverty., 1972.